[Event "COL-ch"]
[Site "Ibague"]
[Date "2013.07.02"]
[Round "2"]
[White "Diaz Arboleda, Daniel"]
[Black "Cuevas Sanchez, Bramdon Daniel"]
[Result "1-0"]
[WhiteElo "2110"]
[BlackElo "1769"]
[PlyCount "47"]
[EventDate "2013.07.01"]
[EventType "swiss"]
[EventRounds "11"]
[EventCountry "COL"]
[SourceTitle "EXT 2014"]
[Source "ChessBase"]
[SourceDate "2013.11.20"]
[SourceVersion "1"]
[SourceVersionDate "2013.11.20"]
[SourceQuality "1"]

1. d4 d5 2. c4 e6 3. Nc3 Nf6 4. cxd5 exd5 5. Bg5 Be7 6. e3 0-0 7. Bd3 c6 8. Nge2 Ne4 9. Bf4 Nxc3 10. bxc3 Nd7 11. Qc2 Nf6 12. 0-0 Bg4 13. f3 Bh5 14. e4 dxe4 15. fxe4 Re8 16. h3 Bg6 17. g4 h6 18. Ng3 c5 19. e5 Bxd3 20. Qxd3 Nd5 21. Bxh6 gxh6 22. Rxf7 Kxf7 23. Qh7+ Kf8 24. e6 1-0

[Event "Medellin Region IRT op"]
[Site "Medellin"]
[Date "2013.05.19"]
[Round "6"]
[White "Diaz Arboleda, Daniel"]
[Black "Ossa, Vladimir"]
[Result "0-1"]
[WhiteElo "2124"]
[BlackElo "1963"]
[PlyCount "65"]
[EventDate "2013.05.16"]
[EventType "swiss"]
[EventRounds "7"]
[EventCountry "COL"]
[SourceTitle "CBM 154 Extra"]
[Source "ChessBase"]
[SourceDate "2013.06.25"]
[SourceVersion "2"]
[SourceVersionDate "2013.06.25"]
[SourceQuality "1"]

1. d4 d5 2. c4 c6 3. Nc3 Nf6 4. Nf3 e6 5. e3 a6 6. a4 Bb4 7. Bd2 Nbd7 8. Bd3 0-0 9. 0-0 Re8 10. Qb3 Bd6 11. e4 e5 12. cxd5 exd4 13. Nxd4 Nc5 14. Qc2 Be5 15. Nf3 Bxc3 16. Bxc3 Nfxe4 17. Bxe4 Nxe4 18. dxc6 bxc6 19. Rad1 Qe7 20. Rfe1 Bf5 21. Qc1 Bg6 22. Qf4 Qc5 23. Bd4 Qc2 24. a5 c5 25. Rc1 Qa4 26. Be5 f6 27. Bc7 Rac8 28. Nh4 Bf7 29. Nf5 g5 30. Rxe4 Rxe4 31. Qg3 Qd7 32. f3 Rc4 33. Rxc4 0-1

[Event "Medellin Region IRT op"]
[Site "Medellin"]
[Date "2013.05.18"]
[Round "3"]
[White "Blandon, Luis Guillermo"]
[Black "Diaz Arboleda, Daniel"]
[Result "1-0"]
[WhiteElo "1976"]
[BlackElo "2124"]
[PlyCount "53"]
[EventDate "2013.05.16"]
[EventType "swiss"]
[EventRounds "7"]
[EventCountry "COL"]
[SourceTitle "CBM 154 Extra"]
[Source "ChessBase"]
[SourceDate "2013.06.25"]
[SourceVersion "2"]
[SourceVersionDate "2013.06.25"]
[SourceQuality "1"]

1. e4 e5 2. Nf3 Nc6 3. Bb5 Nf6 4. 0-0 Nxe4 5. d4 Nd6 6. Bxc6 dxc6 7. dxe5 Nf5 8. Qxd8+ Kxd8 9. b3 a5 10. Nc3 Bb4 11. Ne4 a4 12. Rd1+ Ke8 13. g4 Nh6 14. h3 axb3 15. cxb3 Be6 16. Bxh6 gxh6 17. Nd4 Ke7 18. f4 Rhd8 19. Rac1 Rxa2 20. Rxc6 Rd7 21. Nf6 Rd2 22. Rxd2 Bxd2 23. Nxd7 Be3+ 24. Kg2 Bd5+ 25. Kg3 Bxd4 26. Rxc7 Kd8 27. Nf6 1-0

[Event "Medellin IRT op"]
[Site "Medellin"]
[Date "2012.08.06"]
[Round "6"]
[White "Diaz Arboleda, Daniel"]
[Black "Gonzalez Parejo, Ramon Jr"]
[Result "1-0"]
[WhiteElo "2136"]
[BlackElo "2050"]
[PlyCount "87"]
[EventDate "2012.08.03"]
[EventType "swiss"]
[EventRounds "9"]
[EventCountry "COL"]
[SourceTitle "CBM 149 Extra"]
[Source "ChessBase"]
[SourceDate "2012.08.24"]
[SourceVersion "1"]
[SourceVersionDate "2012.08.24"]
[SourceQuality "1"]

1. d4 g6 2. c4 c5 3. d5 b5 4. cxb5 a6 5. b6 Qxb6 6. Nc3 Bg7 7. e4 d6 8. Nf3 Nf6 9. Nd2 Nbd7 10. Nc4 Qc7 11. Bf4 Nh5 12. Bg5 Ne5 13. Be2 Nxc4 14. Qa4+ Bd7 15. Qxc4 Qb6 16. Rb1 Qb4 17. 0-0 h6 18. Bd2 Qxc4 19. Bxc4 0-0 20. b3 Kh7 21. a4 g5 22. Ne2 Nf6 23. f3 e6 24. Rfe1 exd5 25. exd5 Bf5 26. Rbc1 Nd7 27. Ng3 Bg6 28. Ne4 Bb2 29. Rcd1 Bd4+ 30. Be3 Be5 31. Bf2 f5 32. Nd2 Rfe8 33. Bf1 Nb6 34. Nc4 Nxc4 35. Bxc4 Kg7 36. Re2 Kf6 37. g3 f4 38. Rde1 Bh5 39. Kg2 g4 40. fxg4 Bxg4 41. gxf4 Bxe2 42. fxe5+ Rxe5 43. Rxe2 Rxe2 44. Bxe2 1-0

[Event "Medellin Depart U20"]
[Site "Medellin"]
[Date "2011.02.27"]
[Round "6.1"]
[White "Escobar Medina, Andres F"]
[Black "Diaz Arboleda, Daniel"]
[Result "1-0"]
[WhiteElo "2103"]
[BlackElo "2094"]
[PlyCount "73"]
[EventDate "2011.02.23"]
[EventType "swiss"]
[EventRounds "6"]
[EventCountry "COL"]
[SourceTitle "EXT 2024"]
[Source "ChessBase"]
[SourceDate "2023.10.10"]
[SourceVersion "1"]
[SourceVersionDate "2023.10.10"]
[SourceQuality "1"]

1. e4 e5 2. Nf3 Nc6 3. d4 exd4 4. Bc4 Nf6 5. e5 d5 6. Bb5 Ne4 7. Nxd4 Bc5 8. 0-0 0-0 9. Bxc6 bxc6 10. Be3 Bd7 11. f3 Ng5 12. Qd2 h6 13. Nb3 Bb6 14. Nc3 f6 15. exf6 Qxf6 16. Rae1 Rae8 17. Kh1 Ne6 18. a4 Kh8 19. Bf2 Bxf2 20. Qxf2 Qg6 21. Re5 Rf6 22. Qd2 Ref8 23. Rf2 Rf4 24. a5 Qf6 25. Re1 Rf5 26. Rd1 Rh5 27. g3 Rf5 28. Rdf1 Bc8 29. Qd3 g5 30. Nd1 Qg7 31. c3 R5f7 32. Qe3 a6 33. Nc5 Qg6 34. Nxe6 Qxe6 35. Qd4+ Qf6 36. Kg2 Re8 37. b4 1-0

[Event "Medellin Depart U20"]
[Site "Medellin"]
[Date "2011.02.26"]
[Round "5.1"]
[White "Diaz Arboleda, Daniel"]
[Black "Rendon, Daniel"]
[Result "1-0"]
[WhiteElo "2094"]
[BlackElo "2130"]
[PlyCount "71"]
[EventDate "2011.02.23"]
[EventType "swiss"]
[EventRounds "6"]
[EventCountry "COL"]
[SourceTitle "EXT 2024"]
[Source "ChessBase"]
[SourceDate "2023.10.10"]
[SourceVersion "1"]
[SourceVersionDate "2023.10.10"]
[SourceQuality "1"]

1. d4 Nf6 2. c4 e6 3. Nf3 d5 4. g3 c6 5. Bg2 Nbd7 6. 0-0 dxc4 7. a4 Bd6 8. Na3 0-0 9. Nxc4 Bc7 10. Qc2 Rb8 11. Rd1 Qe7 12. e4 b6 13. b3 Rd8 14. e5 Nd5 15. Ng5 Nf8 16. f4 b5 17. axb5 cxb5 18. Na5 Bb7 19. Nxb7 Rxb7 20. f5 Bb6 21. fxe6 fxe6 22. Bh3 Rc7 23. Qd3 Rxc1 24. Bxe6+ Qxe6 25. Nxe6 Rxd1+ 26. Rxd1 Nxe6 27. Kh1 Ndc7 28. Qe4 Rxd4 29. Rxd4 Nxd4 30. b4 h6 31. h4 Kf7 32. g4 Nde6 33. Kg2 Bd4 34. Kf1 Bc3 35. Qf3+ Ke7 36. Qxc3 1-0

[Event "Medellin Depart U20"]
[Site "Medellin"]
[Date "2011.02.24"]
[Round "2.1"]
[White "Blandon, Luis Guillermo"]
[Black "Diaz Arboleda, Daniel"]
[Result "0-1"]
[WhiteElo "1963"]
[BlackElo "2094"]
[PlyCount "62"]
[EventDate "2011.02.23"]
[EventType "swiss"]
[EventRounds "6"]
[EventCountry "COL"]
[SourceTitle "EXT 2024"]
[Source "ChessBase"]
[SourceDate "2023.10.10"]
[SourceVersion "1"]
[SourceVersionDate "2023.10.10"]
[SourceQuality "1"]

1. e4 e5 2. Nf3 Nc6 3. Bb5 Nf6 4. 0-0 Nxe4 5. Re1 Nd6 6. Bxc6 dxc6 7. Nxe5 Be7 8. d4 0-0 9. b3 Be6 10. Bb2 Re8 11. c4 Bf8 12. Nc3 f6 13. Nd3 Nf5 14. Ne2 Bf7 15. Qc2 Qc8 16. Ng3 Nxg3 17. fxg3 a5 18. Rxe8 Qxe8 19. Re1 Qd7 20. Nf4 Re8 21. Qf2 a4 22. Re2 axb3 23. axb3 Qf5 24. Qe1 Rxe2 25. Qxe2 Qb1+ 26. Kf2 Qa2 27. Qc2 Ba3 28. Nd3 Bg6 29. Qe2 Bxd3 30. Qe6+ Kf8 31. Qc8+ Kf7 0-1

[Event "Central America-ch U18"]
[Site "Medellin"]
[Date "2010.12.10"]
[Round "2"]
[White "Escobar Medina, Andres F"]
[Black "Diaz Arboleda, Daniel"]
[Result "1-0"]
[WhiteElo "2111"]
[BlackElo "2122"]
[PlyCount "61"]
[EventDate "2010.12.09"]
[EventType "swiss"]
[EventRounds "7"]
[EventCountry "COL"]
[SourceTitle "EXT 2013"]
[Source "ChessBase"]
[SourceDate "2012.11.22"]
[SourceVersion "1"]
[SourceVersionDate "2012.11.22"]
[SourceQuality "1"]

1. e4 e5 2. Nf3 Nc6 3. d4 exd4 4. Bc4 Nf6 5. e5 d5 6. Bb5 Ne4 7. Nxd4 Bd7 8. Bxc6 bxc6 9. Nb3 Be7 10. 0-0 0-0 11. f3 Nc5 12. Be3 Ne6 13. f4 f5 14. Nc3 Bc8 15. Na4 g5 16. Nd4 Nxd4 17. Qxd4 g4 18. c3 a5 19. Qd2 Ba6 20. Rfd1 Rb8 21. Qf2 Bb5 22. Nc5 Bxc5 23. Bxc5 Re8 24. b4 a4 25. h3 h5 26. hxg4 hxg4 27. Qc2 Qc8 28. Kf2 Kg7 29. Rh1 Rh8 30. e6 Rxh1 31. Qxf5 1-0

[Event "Medellin IRT op 17th"]
[Site "Medellin"]
[Date "2010.08.06"]
[Round "4"]
[White "Tovio, Israel"]
[Black "Diaz Arboleda, Daniel"]
[Result "1-0"]
[WhiteElo "2308"]
[BlackElo "2119"]
[PlyCount "49"]
[EventDate "2010.08.04"]
[EventType "swiss"]
[EventRounds "9"]
[EventCountry "COL"]
[SourceTitle "EXT 2012"]
[Source "ChessBase"]
[SourceDate "2011.11.24"]
[SourceVersion "1"]
[SourceVersionDate "2011.11.24"]
[SourceQuality "1"]

1. e4 e5 2. Nf3 Nc6 3. Bc4 Nf6 4. d3 Be7 5. 0-0 0-0 6. Bb3 d5 7. exd5 Nxd5 8. Re1 Bf6 9. Nbd2 a5 10. Ne4 Be6 11. c3 h6 12. Nxf6+ Qxf6 13. Qe2 a4 14. Bc2 Bg4 15. Qe4 Bxf3 16. gxf3 Nde7 17. d4 Ng6 18. d5 Nce7 19. c4 Rfe8 20. Kh1 Nh4 21. f4 exf4 22. Qh7+ Kf8 23. Bd2 Qxb2 24. Qh8+ Ng8 25. Bh7 1-0

[Event "COL-ch sf "]
[Site "Medellin"]
[Date "2010.06.11"]
[Round "9"]
[White "Ruiz Aguilar, Pablo Alexander"]
[Black "Diaz Arboleda, Daniel"]
[Result "0-1"]
[WhiteElo "2271"]
[BlackElo "2036"]
[PlyCount "110"]
[EventDate "2010.06.05"]
[EventType "swiss"]
[EventRounds "11"]
[EventCountry "COL"]
[SourceTitle "CBM 136 Extra"]
[Source "ChessBase"]
[SourceDate "2010.07.02"]
[SourceVersion "2"]
[SourceVersionDate "2010.07.15"]
[SourceQuality "1"]

1. e4 e5 2. Nf3 Nc6 3. Bb5 Nf6 4. d3 Bc5 5. 0-0 d6 6. c3 0-0 7. Bg5 h6 8. Be3 Bb6 9. Nbd2 Bd7 10. Nc4 Bxe3 11. Nxe3 Ne7 12. Bxd7 Qxd7 13. Nh4 d5 14. f3 Rad8 15. Qb3 d4 16. Nef5 Nxf5 17. Nxf5 dxc3 18. Qxc3 Rfe8 19. Rad1 c6 20. Qa3 Qc7 21. Qxa7 Ra8 22. Qf2 Rxa2 23. Qg3 Nh5 24. Qg4 Qb6+ 25. Kh1 g6 26. Nxh6+ Kf8 27. Qg5 Qxb2 28. Rg1 b5 29. Nf5 Ng7 30. Qh6 gxf5 31. Qh8+ Ke7 32. Qxg7 f4 33. d4 exd4 34. Rxd4 Qb3 35. Rgd1 Ra7 36. Qg5+ Kf8 37. Qh6+ Kg8 38. Qxc6 Rea8 39. Qh6 Ra1 40. Qg5+ Kh7 41. Qh4+ Kg7 42. Qe1 Qb2 43. R4d2 Rxd1 44. Rxd1 Ra2 45. Qf1 b4 46. Rb1 Qd2 47. h3 Rb2 48. Rd1 Qc2 49. Rc1 Qd2 50. Qg1 b3 51. g3 Qe2 52. gxf4+ Kh7 53. Rf1 Rc2 54. e5 b2 55. e6 b1Q 0-1

[Event "COL-ch sf "]
[Site "Medellin"]
[Date "2010.06.05"]
[Round "1"]
[White "Diaz Arboleda, Daniel"]
[Black "Rios, Cristhian Camilo"]
[Result "0-1"]
[WhiteElo "2036"]
[BlackElo "2267"]
[PlyCount "82"]
[EventDate "2010.06.05"]
[EventType "swiss"]
[EventRounds "11"]
[EventCountry "COL"]
[SourceTitle "CBM 136 Extra"]
[Source "ChessBase"]
[SourceDate "2010.07.02"]
[SourceVersion "2"]
[SourceVersionDate "2010.07.15"]
[SourceQuality "1"]

1. d4 Nf6 2. c4 e6 3. Nf3 Bb4+ 4. Bd2 Qe7 5. g3 Nc6 6. Nc3 0-0 7. Bg2 d6 8. 0-0 Bxc3 9. Bxc3 Ne4 10. Qc2 f5 11. Nd2 Nxc3 12. Qxc3 e5 13. dxe5 dxe5 14. Bxc6 bxc6 15. e4 f4 16. Nf3 fxg3 17. fxg3 Bh3 18. Rf2 Rae8 19. Qa5 Qd6 20. Qc3 Rf6 21. c5 Qe7 22. Rd1 Ref8 23. Rd3 Qf7 24. Qb3 Be6 25. Qc3 Qh5 26. Kg2 Bh3+ 27. Kg1 Bg4 28. Kg2 g5 29. h4 gxh4 30. gxh4 Bxf3+ 31. Rfxf3 Qg4+ 32. Kf2 Qxh4+ 33. Kf1 Qh1+ 34. Kf2 Rxf3+ 35. Rxf3 Qxf3+ 36. Qxf3 Rxf3+ 37. Kxf3 Kf7 38. Kg4 Kg6 39. Kh4 h5 40. Kg3 Kg5 41. Kf3 h4 0-1

[Event "Medellin IRT Deptal U20 Antioquia"]
[Site "Medellin"]
[Date "2010.02.13"]
[Round "4"]
[White "Arenas Vanegas, David"]
[Black "Diaz Arboleda, Daniel"]
[Result "1-0"]
[WhiteElo "2311"]
[BlackElo "1986"]
[PlyCount "91"]
[EventDate "2010.02.11"]
[EventType "swiss"]
[EventRounds "7"]
[EventCountry "COL"]
[SourceTitle "EXT 2024"]
[Source "ChessBase"]
[SourceDate "2023.10.10"]
[SourceVersion "1"]
[SourceVersionDate "2023.10.10"]
[SourceQuality "1"]

1. e4 c5 2. Nf3 Nc6 3. d4 cxd4 4. Nxd4 Nf6 5. Nc3 e5 6. Ndb5 d6 7. Bg5 a6 8. Na3 b5 9. Nd5 Be7 10. Bxf6 Bxf6 11. c4 b4 12. Nc2 a5 13. Qf3 Bg5 14. h4 Bh6 15. g4 Bf4 16. Nxf4 exf4 17. Qxf4 Ne5 18. Ne3 Be6 19. Be2 Rc8 20. Rc1 Qb6 21. 0-0 b3 22. a3 Qd4 23. Rb1 Ng6 24. Qg3 Qxe4 25. Rbd1 Qe5 26. Qxe5 dxe5 27. h5 Nf4 28. Rfe1 Ke7 29. Bf3 Rhd8 30. Bd5 g6 31. h6 Bxd5 32. Nxd5+ Nxd5 33. Rxe5+ Kf6 34. Rde1 g5 35. cxd5 Rc2 36. Rf5+ Kg6 37. Re7 Rxb2 38. Rexf7 Rd6 39. Rg7+ Kxh6 40. Rfxg5 Rb1+ 41. Kg2 b2 42. Rg8 Rg1+ 43. Kxg1 b1Q+ 44. Kh2 Qg6 45. R8xg6+ hxg6 46. Re5 1-0